[Event "Bucharest ENE"]
[Site "Bucharest"]
[Date "1993.??.??"]
[Round "9"]
[White "Ardeleanu, Alin"]
[Black "Chernov, Vadim"]
[Result "0-1"]
[WhiteElo "2385"]
[BlackElo "2400"]

1.e4 g6 2.d4 Bg7 3.Nc3 c6 4.Bc4 d6 5.h3 Nf6 6.Bb3 b5 7.a3 Qc7 8.Nf3 e5 9.dxe5 dxe5
10.Be3 O-O 11.Qc1 Qe7 12.O-O Nbd7 13.Bh6 Nc5 14.Ba2 Ne6 15.Bxg7 Kxg7 16.Bxe6 Qxe6
17.Qe3 Nd7 18.Rad1 Qe7 19.Rd2 Nb6 20.b3 f6 21.Ra1 Be6 22.a4 b4 23.Ne2 Rfd8
24.a5 Rxd2 25.Nxd2 Nd7 26.f4 exf4 27.Nxf4 Bf7 28.Nd3 Ne5 29.Rf1 Nxd3 30.cxd3 c5
31.Nc4 Bxc4 32.dxc4 Rd8 33.Qf3 Rd4 34.Re1 Qe5 35.Qe3 h5 36.h4 Rd6 37.Kf1 Rd4
38.Kg1 a6 39.Kh1 Qd6 40.e5 Rxh4+ 41.Kg1 Qd4 42.Qxd4 Rxd4 43.e6 Kf8 44.e7+ Ke8
45.Re6 Rd3 46.Rxf6 Rxb3 47.Rxa6 Ra3 48.Ra7 b3 49.Rb7 Rxa5 50.Rxb3 Kxe7 51.Rb6 Kf7
52.Rc6 Kg7 53.Kf2 Kh6 54.Kf3 Kg5 55.Kg3 h4+ 56.Kh3 Kh5 57.Rc8 g5 58.Rh8+ Kg6
59.Rg8+ Kf6 60.Rc8 Kf5 61.Kh2 Kg4 62.Rc7 Ra2 63.Rxc5 h3 64.Rd5 Rxg2+ 65.Kh1 Rc2
66.Rd4+ Kg3 67.Rd3+ Kh4 68.Rd4+ g4 69.Kg1 h2+ 70.Kh1 Kh3  0-1

[Event "Bucharest CCS (Women)"]
[Site "Bucharest"]
[Date "1993.??.??"]
[Round "9"]
[White "Vasiesiu, Cristina"]
[Black "Stanciu, Gabriela"]
[Result "1/2-1/2"]
[WhiteElo "2090"]
[BlackElo "2245"]

1.e4 g6 2.d4 Bg7 3.Nc3 c6 4.Bc4 d6 5.Qf3 e6 6.Be3 Qe7 7.O-O-O Nf6 8.h3 b5
9.Bb3 Bb7 10.g4 a5 11.a4 b4 12.Nce2 c5 13.Ng3 Nc6 14.N1e2 Rc8 15.Rhe1 Nd7
16.Qg2 cxd4 17.Nxd4 Nc5 18.Kb1 Nxd4 19.Bxd4 Bxd4 20.Rxd4 e5 21.Rd2 Nxb3 22.cxb3 Qe6
23.Qf3 Ke7 24.Nf1 f6 25.Ne3 Rc5 26.Red1 Rd8 27.Nd5+ Kf7  1/2-1/2

[Event "Bucharest (Women)"]
[Site "Bucharest"]
[Date "1993.??.??"]
[Round "10"]
[White "Cosma, Elena Luminita"]
[Black "Stanciu, Gabriela"]
[Result "1-0"]
[WhiteElo "2215"]
[BlackElo "2260"]

1.e4 g6 2.d4 Bg7 3.Nc3 c6 4.Bc4 d6 5.Qf3 e6 6.Nge2 Nd7 7.O-O Qe7 8.Bb3 e5
9.Bg5 Ngf6 10.Qe3 h6 11.Bh4 g5 12.Bg3 O-O 13.Rad1 Nh5 14.Qd2 Nf4 15.f3 Nf6
16.dxe5 dxe5 17.Qd6 Qxd6 18.Rxd6 Re8 19.Rfd1 Be6 20.Bxe6 fxe6 21.R6d2 Bf8
22.Kf1 Be7 23.Bf2 b6 24.g3 Nxe2 25.Kxe2 Red8 26.a4 Rxd2+ 27.Rxd2 Kf7 28.g4 Rd8
29.Rxd8 Bxd8 30.a5 Nd7 31.Kd3 b5 32.Bxa7 Bxa5 33.Na2 c5 34.c4 b4 35.Kc2 Ke7
36.Kb3 Bb6 37.Bxb6 Nxb6 38.Nc1 Kd6 39.Nd3 Nd7 40.Ka4 Kc6 41.Ka5 Kd6 42.Kb5 b3
43.h3 Nb8 44.Nxc5 Nc6 45.Nd3  1-0

[Event "Budapest"]
[Site "Budapest"]
[Date "1993.??.??"]
[Round "?"]
[White "Szalanczy, Emil"]
[Black "Estival, Alain"]
[Result "1-0"]
[WhiteElo "2365"]
[BlackElo "2280"]

1.e4 g6 2.d4 Bg7 3.Nc3 c6 4.Nf3 d5 5.h3 Nf6 6.e5 Ne4 7.Bd3 Nxc3 8.bxc3 O-O
9.O-O c5 10.Re1 Nc6 11.a4 cxd4 12.cxd4 Nb4 13.Bf1 Bf5 14.Re2 Rc8 15.Ne1 a5
16.g4 Bd7 17.Bd2 Qb6 18.c3 Nc6 19.Nd3 Rcd8 20.Rb1 Qa7 21.Be3 f6 22.Reb2 Bc8
23.exf6 Bxf6 24.Bg2 e6 25.Qe2 g5 26.Qd2 h6 27.Rb5 Qb8 28.Nc5 Rf7 29.Qc2 Rg7
30.Rb6 Qc7 31.Qd2 Qf7 32.R1b5 Rf8 33.Nxb7 Bxb7 34.Rxb7 Qxb7 35.Rxb7 Rxb7
36.Qd3 Kg7 37.Qa6 Rc7 38.Qb6 Rfc8 39.Bf1 Kf7 40.Ba6 Bd8 41.Bxc8 Rxc8 42.Qb1 Kg7
43.Qb7+ Rc7 44.Qb5 Kf7 45.Kg2 Rc8 46.Qd3 Kg7 47.Bc1 Ne7 48.Bd2 Rc4 49.Qb1 Bc7
50.Qb5 Nc6 51.h4 Kf6 52.Qb1 Nd8 53.Qh7 Nf7 54.hxg5+ hxg5 55.Bxg5+ Nxg5 56.Qh6+ Kf7
57.Qxg5 Rxc3 58.Qh5+ Ke7 59.g5 Bb6 60.Qh7+ Kd6 61.Qh8 Rc4 62.Qb8+ Kc6 63.Qa8+ Kd6
64.Qf8+ Kd7 65.g6 Bxd4 66.g7 Bxg7 67.Qxg7+ Kc6 68.Qe7 d4 69.Qxe6+ Kc5 70.Qe7+ Kd5
71.Qd8+ Ke4 72.Qxa5 d3 73.Qd2 Kd4 74.a5 Rc2 75.Qb4+ Rc4 76.Qb2+ Kc5 77.a6 Rc2
78.Qb1  1-0

[Event "Budapest FS12 GM"]
[Site "Budapest"]
[Date "1993.??.??"]
[Round "1"]
[White "Lengyel, Bela"]
[Black "Finkel, Alexander"]
[Result "0-1"]
[WhiteElo "2420"]
[BlackElo "2370"]

1.e4 g6 2.d4 Bg7 3.Nc3 c6 4.Be3 d5 5.Qd2 dxe4 6.Nxe4 Nd7 7.Bc4 Nb6 8.Bb3 Nd5
9.Bg5 Ngf6 10.f3 O-O 11.Ne2 a5 12.a4 b6 13.Bh6 Ba6 14.N2g3 Qc7 15.Bxd5 Nxd5
16.Nf5 Bxh6 17.Nxh6+ Kg7 18.Ng4 Qf4 19.Qxf4 Nxf4 20.Ne3 Rad8 21.Rd1 Rd7 22.Kf2 Rfd8
23.g3 Ne6 24.c3 f5 25.Nd2 c5 26.d5 Nc7 27.Ndc4 Nxd5 28.Ne5 Rd6 29.N3c4 Nxc3
30.Rxd6 exd6 31.bxc3 dxe5 32.Nxe5 Rd2+ 33.Kg1 Kf6  0-1

[Event "Spring op"]
[Site "Budapest"]
[Date "1993.??.??"]
[Round "4"]
[White "Grigorov, Jordan N"]
[Black "Chernyshov, Konstantin"]
[Result "1/2-1/2"]
[WhiteElo "2380"]
[BlackElo "2385"]

1.e4 g6 2.d4 Bg7 3.Nc3 c6 4.h3 d6 5.a4 Nd7 6.Be3 Ngf6 7.g3 O-O 8.Bg2 e5 9.Nge2 Qc7
10.O-O b6 11.Qd2 Re8 12.g4 Bb7 13.Ng3 d5 14.exd5 Nxd5 15.Nxd5 cxd5 16.Rfc1 Rad8
17.a5 exd4 18.Bxd4 Ne5 19.axb6 axb6 20.b3 Bf8 21.Re1 Re6 22.Rad1 Nc6 23.Rxe6 fxe6
24.Bf6 Rd6 25.Bb2 Qf7 26.Qe3 e5 27.Ba3 d4 28.Qd2 Rd8 29.Bxf8 Rxf8 30.Ne4 Qe7
31.Qg5 Bc8 32.Qxe7 Nxe7 33.Re1 Nd5 34.Nd6 Nb4 35.Rxe5 Nxc2 36.Be4 Nb4 37.Rb5 Na2
38.Rxb6 Nc3 39.Bd3 Be6 40.Nb5 Bf7 41.Nxc3 dxc3 42.Bc2 Rc8 43.Rb5 g5 44.Rxg5+ Bg6
45.b4 Kf8 46.Bb3 c2 47.Bxc2 Rxc2 48.Rc5 Rb2 49.Rc4 Ke7 50.h4 Kd6 51.h5 Bf7
52.Rf4 Bd5 53.Kh2 Rb3 54.Rf6+ Ke5 55.Rf8 h6 56.b5 Be4 57.b6 Bd5 58.Rf5+ Ke6
59.Rf8 Ke5 60.Rf5+  1/2-1/2

[Event "Spring op"]
[Site "Budapest"]
[Date "1993.??.??"]
[Round "4"]
[White "Sziebert, Adam"]
[Black "Lakos, Nikoletta"]
[Result "1-0"]
[WhiteElo "2335"]
[BlackElo "2215"]

1.e4 g6 2.d4 c6 3.Nc3 Bg7 4.Be3 d5 5.Qd2 dxe4 6.Nxe4 Nd7 7.Bc4 Ngf6 8.Ng5 O-O
9.h4 Nb6 10.Bb3 Nbd5 11.O-O-O a5 12.c4 Nxe3 13.fxe3 h6 14.N5f3 Ne4 15.Qe1 Qc7
16.Ne2 b5 17.c5 Nf6 18.Nf4 a4 19.Bc2 Ng4 20.h5 g5 21.Nd3 e5 22.Ndxe5 Nxe5
23.Nxe5 Bxe5 24.dxe5 Qxe5 25.Qb4 Qxe3+ 26.Kb1 Be6 27.Rhe1 Qf4 28.Qxf4 gxf4
29.Be4 Rac8 30.Rf1 f5 31.Bc2 Rcd8 32.Rxf4 Rxd1+ 33.Bxd1 Bd5 34.Bf3 Bxf3 35.gxf3 Rf6
36.Kc2 Kf7 37.Kc3 Ke6 38.Rd4 f4 39.Kd3 Kf5 40.Rd6 Ke5 41.Rxf6 Kxf6 42.Ke4 Kg5
43.Ke5 Kxh5 44.Kd6 Kg6 45.Kxc6 h5 46.Kxb5 h4 47.c6 h3 48.c7 h2 49.c8=Q h1=Q
50.Qg4+ Kh7 51.Qxf4 Qa1 52.Qf7+ Kh6 53.Qf6+ Kh7 54.a3 Qd1 55.Qc3 Kg6 56.Kb4 Kf5
57.Qc6 Qb3+ 58.Ka5 Qxb2 59.Qb5+  1-0

[Event "Budapest FS12 GM"]
[Site "Budapest"]
[Date "1993.??.??"]
[Round "10"]
[White "Sinowjew, Juri"]
[Black "Finkel, Alexander"]
[Result "0-1"]
[WhiteElo "2350"]
[BlackElo "2370"]

1.e4 g6 2.d4 Bg7 3.Nc3 c6 4.Bc4 d6 5.Qf3 Nf6 6.e5 dxe5 7.dxe5 Nd5 8.Nxd5 cxd5
9.Bxd5 O-O 10.Bxb7 Qa5+ 11.c3 Bxb7 12.Qxb7 Na6 13.Nf3 Nc5 14.b4 Nxb7 15.bxa5 Rfc8
16.a6 Nc5 17.O-O Ne4 18.Ba3 e6 19.Rfc1 Nxc3 20.Kf1 Bh6 21.Rc2 Nb5 22.Rxc8+ Rxc8
23.Be7 Nc7 24.Rb1 Nxa6 25.Rb7 Rc7 26.Rxc7 Nxc7 27.Bc5 a6 28.Ke2 Nd5 29.Kd3 Nf4+
30.Kc4 Nxg2 31.Kb4 Ne1 32.Nxe1 Bd2+ 33.Kc4 Bxe1 34.Bd4 g5 35.h3 h5 36.f3 Kh7
37.Kc5 Kg6 38.Kb6 a5 39.a4 Kf5 40.Be3 Bc3 41.Kb5 g4 42.hxg4+ hxg4 43.fxg4+ Kxe5
44.Bb6 Kf4 45.Bxa5 Bxa5 46.Kxa5 e5 47.Kb5 e4 48.a5 e3 49.a6 e2 50.a7 e1=Q
51.a8=Q Qe5+ 52.Kb6 Qd6+ 53.Kb5 Kxg4 54.Qg8+ Qg6 55.Qe8 Qd3+ 56.Kb6 Qd4+
57.Ka6 Qd6+ 58.Ka7 f5 59.Qg8+ Kf4 60.Qc4+ Ke5 61.Qe2+ Kf6 62.Qh5 Qe7+ 63.Ka6 Qe6+
64.Ka5 f4 65.Qh4+ Ke5 66.Qf2 Qd5+ 67.Ka6 Qd3+ 68.Kb7 Qe3 69.Qb2+ Ke4 70.Qb4+ Kf3
71.Qb2 Qe4+ 72.Ka7 Kg3 73.Qg7+ Kf2 74.Qb2+ Qe2 75.Qf6 Qe3+ 76.Ka8 Qe4+ 77.Kb8 f3
78.Qb6+ Kf1 79.Qb5+ Qe2 80.Qb1+ Qe1 81.Qd3+ Kg2 82.Qd5 Qb4+ 83.Ka8 Kf2 84.Qa2+ Ke3
85.Qa7+ Qd4 86.Qa3+ Qd3 87.Qc1+ Ke4 88.Qe1+ Kf5 89.Qa5+ Kg4 90.Qe1 Qa3+ 91.Kb7 Qb2+
92.Ka8 Qh8+ 93.Kb7 Qg7+ 94.Ka8 Qf8+ 95.Ka7 Qf7+ 96.Ka8 f2 97.Qe4+ Kg3 98.Qe5+ Qf4
99.Qg7+ Qg4 100.Qc7+ Kg2 101.Qc2 Qg8+ 102.Ka7 Qf7+ 103.Ka6 Qe6+ 104.Ka7 Kf3
105.Qd1+ Qe2 106.Qd5+ Qe4 107.Qf7+ Ke2 108.Qa2+ Ke3 109.Qa3+ Qd3 110.Qc1+ Kf3
111.Qc6+ Ke2 112.Qg2 Ke1  0-1

[Event "Buenos Aires Najdorf op"]
[Site "Buenos Aires"]
[Date "1993.??.??"]
[Round "3"]
[White "Olivieri, Martin"]
[Black "Villarreal, Hector"]
[Result "1-0"]
[WhiteElo "2240"]
[BlackElo "2290"]

1.e4 g6 2.d4 Bg7 3.Nc3 c6 4.Nf3 d6 5.Bc4 b5 6.Bb3 b4 7.Ne2 Nf6 8.e5 dxe5
9.Nxe5 O-O 10.O-O Bb7 11.a3 a5 12.axb4 axb4 13.Rxa8 Bxa8 14.Nd3 Qb6 15.Bd2 Na6
16.Qe1 c5 17.dxc5 Qc6 18.f3 Nd7 19.Nef4 Ndxc5 20.Nd5 Nxd3 21.cxd3 Qc5+ 22.Be3 Qd6
23.Nb6 Bb7 24.Qf2 Qxd3 25.Bc4 Qf5 26.Ra1 Nb8 27.Rd1 Nc6 28.Rd7 Ba8 29.Bd3 Qa5
30.Nxa8 Rxa8 31.Be4 Ne5 32.Rxe7 Rd8 33.g3 Qa1+ 34.Kg2 Nc4 35.Bc5 Bf6 36.Rb7 h5
37.Bxb4 Qxb2 38.Qxb2 Nxb2 39.Ba5 Rc8 40.Bd5 Rc2+ 41.Kh3 Nd3 42.Bxf7+ Kh8
43.Bxg6 Nf2+ 44.Kg2 Ne4+ 45.Kf1 Rc1+ 46.Ke2 Ng5 47.f4 Ne6 48.Bb6 h4 49.Kf3 Rc3+
50.Kg4 hxg3 51.hxg3 Nd4 52.Rf7 Ne2 53.Rxf6 Rxg3+ 54.Kh5 Kg7 55.Rf7+ Kg8 56.Bc7 Rg2
57.f5 Nd4 58.f6 Ne6 59.Re7 Ng7+ 60.Rxg7+ Kh8 61.Rh7+ Kg8 62.f7+  1-0

[Event "Buenos Aires Najdorf op"]
[Site "Buenos Aires"]
[Date "1993.??.??"]
[Round "11"]
[White "Escobar, Telmo"]
[Black "Villarreal, Hector"]
[Result "1-0"]
[WhiteElo "2255"]
[BlackElo "2290"]

1.e4 g6 2.d4 Bg7 3.Nc3 c6 4.Bc4 b5 5.Bb3 a5 6.a3 Ba6 7.Qf3 e6 8.e5 d6 9.exd6 Bxd4
10.Nge2 Be5 11.Ne4 Nf6 12.Bh6 Nxe4 13.Qxe4 Qxd6 14.Rd1 Qc7 15.O-O Bb7 16.f4 Bf6
17.f5 Qe5 18.Qxe5 Bxe5 19.fxe6 f5 20.Nd4 Na6 21.Nxf5 gxf5 22.Rxf5 Bxb2 23.Rf7 Nc5
24.Bg5 Rg8 25.Re7+ Kf8 26.Rf1+ Bf6 27.Bxf6 Rg6 28.Bd4+ Kxe7 29.Bxc5+ Kd8
30.Rf8+ Kc7 31.e7 Kd7 32.Rxa8 Bxa8 33.Bf7 Re6 34.Bxe6+ Ke8 35.Bf5 Bb7 36.Bxh7  1-0

[Event "Calcutta op"]
[Site "Calcutta"]
[Date "1993.??.??"]
[Round "4"]
[White "Acharya, Chandragupta K"]
[Black "Ravi, Thandalam Shanmugam"]
[Result "1/2-1/2"]
[WhiteElo "2285"]
[BlackElo "2370"]

1.e4 g6 2.d4 Bg7 3.Nc3 c6 4.Bc4 d6 5.Qf3 e6 6.Nge2 Qe7 7.a4 Nd7 8.Qg3 e5
9.Be3 Ngf6 10.f3 O-O 11.O-O exd4 12.Bxd4 Ne5 13.Bb3 Be6 14.Bxe6 Qxe6 15.Nf4 Qe7
16.Kh1 a5 17.Rae1 Rfe8  1/2-1/2

[Event "Cappelle op"]
[Site "Cappelle la Grande"]
[Date "1993.??.??"]
[Round "6"]
[White "Lupu, Smaranda  B"]
[Black "Fauland, Alexander"]
[Result "0-1"]
[WhiteElo "2175"]
[BlackElo "2420"]

1.e4 g6 2.d4 Bg7 3.Nc3 c6 4.Bc4 d6 5.Qf3 e6 6.Bf4 Qc7 7.Nge2 e5 8.dxe5 dxe5
9.Bg5 h6 10.Bh4 g5 11.Bg3 Nf6 12.h3 Qe7 13.Bh2 b5 14.Bb3 h5 15.Ng3 g4 16.Qd3 Na6
17.Nf5 Bxf5 18.exf5 Nc5 19.Qe2 O-O-O 20.h4 b4 21.Na4 Nfe4 22.Nxc5 Nxc5 23.a3 Rd4
24.axb4 Re4 25.bxc5 Rxe2+ 26.Kxe2 Qxc5 27.Ra4 Rd8 28.Rha1 Bh6 29.Bg3 Bf4
30.Rxa7 Qb5+ 31.c4 Qxb3 32.Ra8+ Kd7  0-1

[Event "Cattolica"]
[Site "Cattolica"]
[Date "1993.??.??"]
[Round "5"]
[White "Pieri, Filippo"]
[Black "Nurkic, Sahbaz"]
[Result "0-1"]
[WhiteElo "2215"]
[BlackElo "2395"]

1.e4 g6 2.d4 Bg7 3.Nc3 c6 4.Be3 d5 5.Be2 dxe4 6.Nxe4 Nd7 7.Qd2 Ngf6 8.Nc3 Nb6
9.O-O-O Be6 10.Nf3 h6 11.Ne5 Nbd5 12.Nxd5 Nxd5 13.c4 Nxe3 14.Qxe3 Qa5 15.Kb1 O-O-O
16.Ka1 Rd6 17.Qc3 Qxc3 18.bxc3 Bxe5 19.dxe5 Rdd8 20.Kb2 Kc7 21.Rd4 c5 22.Rdd1 g5
23.h4 Rxd1 24.Rxd1 gxh4 25.Rh1 Rg8 26.Bf3 h3 27.gxh3 Rg5 28.Re1 Rf5 29.Re3 Rf4
30.Bd5 Rxf2+ 31.Kb3 Bf5 32.e6 Bc2+ 33.Ka3 f5 34.Rg3 Bb1 35.Rg8 Rxa2+ 36.Kb3 a5  0-1

[Event "JUG-chT"]
[Site "Cetinje"]
[Date "1993.??.??"]
[Round "?"]
[White "Todorovic, Goran M"]
[Black "Itkis, Boris"]
[Result "1/2-1/2"]
[WhiteElo "2475"]
[BlackElo "2430"]

1.e4 g6 2.d4 Bg7 3.Nc3 c6 4.Nf3 d6 5.Be2 Nf6 6.O-O O-O 7.h3 Nbd7 8.Bf4 Qa5
9.Nd2 Qc7 10.a4 e5 11.dxe5 dxe5 12.Be3 Rd8 13.Qc1 a5 14.Rd1 Bf8 15.Nc4 Be7
16.Bg4 Nxg4 17.hxg4 Rb8 18.Ba7 Ra8 19.Be3 Nc5 20.Rxd8+ Qxd8 21.Nxe5 f6 22.Qf1 Kg7
23.Bh6+ Kg8 24.Rd1 Qe8 25.Nd3 Nxd3 26.cxd3 g5 27.d4 Qg6 28.d5 Bxg4 29.dxc6 bxc6
30.Qc4+ Qf7 31.Qxc6 Rc8 32.Qa6 Qe6 33.Qxe6+ Bxe6 34.e5 fxe5 35.Ne4 g4  1/2-1/2

[Event "JUG-chT"]
[Site "Cetinje"]
[Date "1993.??.??"]
[Round "?"]
[White "Vukovic, Zdravko"]
[Black "Itkis, Boris"]
[Result "1/2-1/2"]
[WhiteElo "2440"]
[BlackElo "2430"]

1.e4 g6 2.d4 Bg7 3.Nc3 c6 4.Bc4 d6 5.Qf3 e6 6.Nge2 b5 7.Bd3 e5 8.dxe5 dxe5
9.a4 b4 10.Nb1 a5 11.Be3 Nf6 12.Nd2 O-O 13.h3 Qe7 14.g4 Nbd7 15.Nb3 Ba6 16.Bxa6 Rxa6
17.Ng3 c5 18.Qe2 Raa8 19.Rd1 Rfc8 20.Nd2 Nf8 21.Nc4 Rc6 22.O-O Ne8 23.Qd2 Nc7
24.Ne2 Nce6 25.c3 Raa6 26.f3 h5 27.gxh5 Qh4 28.h6 Bf6 29.Qe1 Qxh3 30.Qg3 Qxg3+
31.Nxg3 Rc7 32.Kf2 Kh7 33.Rd5 Nf4 34.Bxf4 exf4 35.Ne2 Bh4+ 36.Kg2 Ne6 37.Rfd1 Raa7
38.Nc1 bxc3 39.bxc3 Rab7 40.Nd6 Rb2+ 41.R1d2 Rxd2+ 42.Rxd2 c4 43.Rd5 Rd7
44.Nxc4 Rc7 45.Nxa5 Rxc3 46.Nab3 Ng5 47.Rd3 Rc2+ 48.Rd2 Rc3 49.Rd3 Rc2+ 50.Rd2  1/2-1/2

[Event "JUG-chT"]
[Site "Cetinje"]
[Date "1993.??.??"]
[Round "?"]
[White "Miljanic, Boro"]
[Black "Notaros, Krasoje"]
[Result "1/2-1/2"]
[WhiteElo "2370"]
[BlackElo "2360"]

1.e4 g6 2.d4 Bg7 3.Nc3 c6 4.Nf3 d6 5.Be3 Nf6 6.h3 O-O 7.Bd3 Qc7 8.O-O e5
9.Qd2 Re8 10.dxe5 dxe5 11.a4 a5 12.Rfd1 Na6 13.Bc4 Be6 14.Bxe6 Rxe6 15.Qe2 Nd7
16.Rd2 Rd6 17.Rxd6 Qxd6 18.Rd1 Qe7 19.Qc4 h6 20.Ne2 Nac5 21.Nc1 Kh7 22.Nb3 Nxb3
23.Qxb3 Nf8 24.Bb6 Ne6 25.Qc3 Nf4 26.Qd2 Ra6 27.Bxa5 b6 28.Bb4 c5 29.Ba3 Rxa4
30.Qd7 Qxd7 31.Rxd7 Rxe4 32.Rxf7 Ne2+ 33.Kf1 Nd4 34.Ne1 Rf4 35.Rb7 Rf6 36.b3 e4
37.Bc1 g5 38.Be3 Re6 39.b4 Kg6 40.bxc5 bxc5 41.c3 Nf5 42.Bxc5 Bxc3 43.g4 Nd4
44.Bxd4 Bxd4 45.Nc2 Bb6 46.Ke2  1/2-1/2

[Event "JUG-chT"]
[Site "Cetinje"]
[Date "1993.??.??"]
[Round "?"]
[White "Nepeina Leconte, Maria"]
[Black "Petrovic, Marija"]
[Result "0-1"]
[WhiteElo "2210"]
[BlackElo "2270"]

1.e4 g6 2.d4 Bg7 3.Nc3 c6 4.h3 d6 5.Nf3 Nf6 6.Be2 O-O 7.O-O a5 8.Be3 Nbd7
9.a4 h6 10.Nh2 e5 11.dxe5 dxe5 12.Qd2 Kh7 13.Rad1 Qe7 14.Qd6 Qxd6 15.Rxd6 Re8
16.Bc4 Bf8 17.Rd2 Kg7 18.f4 exf4 19.Rxf4 Ne5 20.Bb3 Be6 21.Bd4 Bxb3 22.cxb3 Nfd7
23.Rdf2 Kg8 24.Ng4 Nd3 25.Rxf7 Nxf2 26.Rxf2 h5 27.Nf6+ Nxf6 28.Rxf6 c5 29.Bf2 Ra6
30.Rf3 Rc6 31.Bh4 Bg7 32.Nd5 Bd4+ 33.Kf1 Kg7 34.Rf4 Bxb2 35.Ke2 Be5 36.Rf3 c4
37.Be1 b6 38.Kd1 Bd4 39.Rf4 cxb3  0-1

[Event "JUG-chT"]
[Site "Cetinje"]
[Date "1993.??.??"]
[Round "?"]
[White "Petronic, Jovan"]
[Black "Nikolic, Zivoslav"]
[Result "1-0"]
[WhiteElo "2445"]
[BlackElo "2480"]

1.d4 g6 2.e4 Bg7 3.Nc3 c6 4.Bc4 b5 5.Bb3 a5 6.a3 Ba6 7.Be3 d6 8.h3 e6 9.Nf3 d5
10.exd5 cxd5 11.Ne2 Ne7 12.O-O Nd7 13.Re1 O-O 14.Bf4 Nc6 15.h4 Nb6 16.h5 b4
17.hxg6 hxg6 18.a4 Nc4 19.Bxc4 Bxc4 20.Ng3 Qb6 21.Be3 Rfc8 22.Qd2 Qd8 23.Bh6 Bxh6
24.Qxh6 Qf6 25.Rad1 Ra7 26.Ne5 Nxe5 27.dxe5 Qg7 28.Qg5 Ba6 29.Rd4 Rc4 30.Rxc4 Bxc4
31.Rd1 Ra8 32.Rd4 b3 33.c3 Rf8 34.Ne4 dxe4 35.Rxc4 e3 36.fxe3 Ra8 37.Rd4 Qf8
38.Qf6 Rc8 39.Rd7 Qe8 40.Rd4 Qf8 41.Kf2 Qh6 42.Rd7 Rf8 43.Rc7 Qh5 44.Rc4 g5
45.Kg3 Kh7 46.Qf3 Qg6 47.Qe4 Rd8 48.Qxg6+ Kxg6 49.Rd4 Rd5 50.Rxd5 exd5 51.Kg4 f5+
52.exf6 Kxf6 53.Kf3 Kf5 54.g4+ Ke5 55.Kf2 Kd6 56.Ke1 Ke5 57.Kd1 Ke6 58.Kc1 Kd7
59.Kd2 Kc6 60.Kd3 Kc5 61.e4 dxe4+ 62.Kxe4 Kc4 63.Ke3  1-0

[Event "Chisinau op"]
[Site "Chisinau"]
[Date "1993.??.??"]
[Round "?"]
[White "Sanduleac, Vasile"]
[Black "Iordachescu, Viorel"]
[Result "0-1"]
[WhiteElo "2285"]
[BlackElo "2305"]

1.e4 g6 2.d4 Bg7 3.Nc3 c6 4.f4 d5 5.e5 Nh6 6.Nf3 f6 7.Be2 Bg4 8.O-O O-O 9.Na4 Nd7
10.c3 b5 11.exf6 exf6 12.Nc5 Nxc5 13.dxc5 Bxf3 14.Rxf3 Qe7 15.Be3 Rfe8 16.Bf1 Ng4
17.Bd4 f5 18.a4 bxa4 19.h3 Bxd4+ 20.Qxd4 Nf6 21.Rxa4 a5 22.c4 dxc4 23.Rfa3 Kg7
24.Rxa5 Rxa5 25.Rxa5 Rd8 26.Qe5 Qxe5 27.fxe5 Nd7 28.Ra7 Kh6 29.e6 Ne5 30.Kf2 Re8
31.Ke3 Rxe6 32.Kd4 f4 33.Rc7 f3 34.gxf3 Nxf3+ 35.Kc3 Re3+ 36.Kc2 Re5 37.Bxc4 Rxc5
38.Kc3 Ne5 39.Kd4 Rxc4+ 40.Kxe5 Rh4 41.Rxc6 Rxh3 42.Rc1 Re3+ 43.Kd4 Rb3 44.Rb1 g5
45.Kc4 Rb8 46.b4 g4 47.b5 Kg5 48.b6 g3 49.Kd3 Kg4 50.Ke2 Kh3  0-1

[Event "Copenhagen op15"]
[Site "Copenhagen"]
[Date "1993.??.??"]
[Round "5"]
[White "Alkaersig, Ole"]
[Black "Fries Nielsen, Jens Ove"]
[Result "1/2-1/2"]
[WhiteElo "2265"]
[BlackElo "2400"]

1.e4 g6 2.d4 Bg7 3.Nc3 c6 4.Bc4 d6 5.Nf3 Nf6 6.Bb3 O-O 7.O-O Bg4 8.h3 Bxf3
9.Qxf3 Nbd7 10.Be3 e6 11.Rad1 d5 12.e5 Ne8 13.Qg3 f6 14.f4 Bh6 15.Qh4 Bg7
16.Qg4 f5 17.Qf3 Nc7 18.Ne2 a5 19.c3 b5 20.g4 Qe7 21.a4 Rab8 22.Bc1 Nb6 23.axb5 cxb5
24.Ng3 b4 25.Rf2 a4 26.Bc2 b3 27.Bd3 a3 28.bxa3 Na4 29.Bb2 Kh8 30.Kh1 Qh4
31.Kg2 Rf7 32.Rb1 Rbf8 33.gxf5 gxf5 34.Qh5 Qe7 35.Kh2 Rg8 36.Rg2 Bf8 37.Qe2 Rfg7
38.Rbg1 Qh4 39.Qf3 Nxb2 40.Rxb2 Rg4 41.Rbg2 R8g6 42.Ne2 Rxg2+ 43.Rxg2 Bxa3
44.c4 Qd8 45.c5 Qb8 46.Qh5 Rxg2+ 47.Kxg2 b2 48.Qh4 Qf8  1/2-1/2

[Event "CUB-ch"]
[Site "?"]
[Date "1993.??.??"]
[Round "2"]
[White "De la Paz, Frank"]
[Black "Nogueiras, Jesus"]
[Result "1/2-1/2"]
[WhiteElo "2210"]
[BlackElo "2580"]

1.e4 g6 2.d4 Bg7 3.Nc3 c6 4.Nge2 d5 5.g3 dxe4 6.Nxe4 Nd7 7.Bg2 Ngf6 8.Nxf6+ Nxf6
9.O-O O-O 10.c3 Qb6 11.Nf4 Bg4 12.Qb3 Rfe8 13.Re1 Bf5 14.Be3 Ng4 15.d5 c5
16.Qxb6 axb6 17.d6 Nxe3 18.Rxe3 exd6 19.Bxb7 Rxe3 20.fxe3 Ra7 21.Bc6 Be5
22.Nd5 Kg7 23.a4 Be4 24.Ra3 Bf6 25.Kf2 h5 26.b4 Bd8 27.Ra2 f5 28.h4 Kf7 29.Rd2 Bxd5
30.Bxd5+ Kf6 31.Bc6 Ke6 32.Bd5+ Kf6 33.Bc6 cxb4 34.cxb4 Be7 35.Bb5  1/2-1/2

[Event "CZE-chT"]
[Site "?"]
[Date "1993.??.??"]
[Round "?"]
[White "Rybak, Milan"]
[Black "Karlik, Vladimir"]
[Result "1/2-1/2"]
[WhiteElo "2290"]
[BlackElo "2280"]

1.e4 g6 2.d4 Bg7 3.Nc3 c6 4.Nf3 d5 5.h3 Nh6 6.Bf4 f6 7.exd5 cxd5 8.Bb5+ Nc6
9.Qe2 Nf7 10.O-O O-O 11.Rad1 a6 12.Ba4 e6 13.Bb3 b5 14.a4 b4 15.Na2 Qb6 16.Nc1 Rd8
17.Rfe1 Nd6 18.Bxd6 Rxd6 19.Qe3 Rd8 20.Nd3 Na5 21.Nc5 Nxb3 22.cxb3 Ra7 23.Rc1 Re7
24.Nd3 Qd6 25.Rc5 Qb8 26.Qd2 Rb7 27.Rc2 a5 28.Rec1 Bf8 29.Nc5 Re7 30.Nd3 Ree8
31.g3 Bb7 32.Nc5 Bc8 33.Nd3 Bb7 34.Re1 Bd6 35.Qe3 Re7 36.Nc5  1/2-1/2

[Event "DEN-chT9394"]
[Site "DEN"]
[Date "1993.??.??"]
[Round "1"]
[White "Boe, Mads"]
[Black "Nielsen, Poul Erik"]
[Result "0-1"]
[WhiteElo "2275"]
[BlackElo "2235"]

1.e4 g6 2.d4 Bg7 3.Nc3 c6 4.Bc4 b5 5.Bb3 a5 6.a3 d6 7.Bg5 h6 8.Be3 e6 9.Nge2 Ba6
10.Qd2 Nd7 11.O-O Ne7 12.Rfd1 d5 13.f3 Nf6 14.exd5 exd5 15.Ng3 Kf8 16.Nce2 Ne8
17.Bf4 Bc8 18.Re1 Nd6 19.c3 Nc4 20.Bxc4 bxc4 21.Nc1 g5 22.Be3 Rb8 23.Nh5 Bf5
24.Bf2 Bg6 25.Nxg7 Kxg7 26.g4 f5 27.gxf5 Nxf5 28.Bg3 Nxg3 29.hxg3 Qf6 30.Kg2 Rhf8
31.Re3 Be4 32.Qe2 g4 33.fxe4 Rxb2 34.Qxb2 Qf1+ 35.Kh2 Rf2+  0-1

[Event "DEN-chB"]
[Site "DEN"]
[Date "1993.??.??"]
[Round "7"]
[White "Light, Bjarne"]
[Black "Andreasen, Per"]
[Result "0-1"]
[WhiteElo "2300"]
[BlackElo "2275"]

1.e4 g6 2.d4 Bg7 3.Nc3 c6 4.f4 d5 5.e5 h5 6.Be2 Nh6 7.Nf3 Bg4 8.Be3 Nf5 9.Bf2 e6
10.g3 Bf8 11.Qd3 Nd7 12.h3 Bxf3 13.Qxf3 c5 14.dxc5 Bxc5 15.Bb5 Qb6 16.Bxd7+ Kxd7
17.Bxc5 Qxc5 18.O-O-O Qe3+ 19.Qxe3 Nxe3 20.Rd3 Nf5 21.Rg1 Rac8 22.g4 hxg4
23.hxg4 Ne7 24.Nb5 Rh2 25.Rd2 Rxd2 26.Kxd2 Rc4 27.Rf1 Rb4 28.Nd6 Rxb2 29.a3 d4
30.Nxf7 Nd5 31.Rh1 Nxf4 32.Kc1 Ra2 33.Rh8 Rxa3 34.Nd6 Kc6 35.Rd8 d3 36.Kb2 Ra5
37.Rf8 d2 38.Nc4 Rb5+ 39.Kc3 d1=Q 40.Rc8+ Kd7  0-1

[Event "Dortmund op-A"]
[Site "Dortmund"]
[Date "1993.??.??"]
[Round "1"]
[White "Balashov, Yuri S"]
[Black "Fischdick, Gisela"]
[Result "1/2-1/2"]
[WhiteElo "2545"]
[BlackElo "2265"]

1.e4 g6 2.d4 Bg7 3.Nc3 c6 4.Nf3 d5 5.h3 Nf6 6.e5 Ne4 7.Bd3 Nxc3 8.bxc3 c5
9.O-O c4 10.Be2 Nc6 11.a4 O-O 12.Bf4 f6 13.Qd2 Be6 14.Rfe1 Qd7 15.Bh6 Rae8
16.Bd1 Nd8 17.Bxg7 Kxg7 18.Nh2 fxe5 19.Rxe5 Nf7 20.Re3 Nd6 21.Qe1 Rf6 22.Bg4 Nf5
23.Re5 h5 24.Bxf5 Bxf5 25.Qe2 Qd6 26.Re1 Bd7 27.a5 e6 28.Ra1 Ref8 29.Nf3 Bc8
30.Qd2 Rf4 31.Re2 Qd8 32.Ne5 Qc7 33.Qe3 Qd8 34.g3 Re4 35.Qd2 Rxe2 36.Qxe2 Rf5
37.Kg2 Rf8 38.h4 Rf5 39.Nf3 Qc7 40.Qe3 Bd7 41.Ne5 Bc8 42.f3 Qd8 43.g4 hxg4
44.fxg4 Rf8 45.Qg5 Qf6 46.Qxf6+ Rxf6 47.Rf1 Rxf1 48.Kxf1 b6 49.axb6 axb6
50.g5 Ba6 51.Ke2 Bb5 52.Ke3 Ba4 53.Kf4 Bxc2 54.Nc6 Ba4 55.Nd8 Bd7 56.Ke5 b5
57.Nb7 b4 58.cxb4 c3 59.Nc5 c2 60.Nb3 Kf7 61.Kd6 Bb5 62.Nc1 Bc4 63.Kc5 e5
64.dxe5 Ke6 65.Kd4 Bb5  1/2-1/2

[Event "Dortmund op-A"]
[Site "Dortmund"]
[Date "1993.??.??"]
[Round "8"]
[White "Janovsky, Sergey"]
[Black "Telljohann, Sven"]
[Result "1-0"]
[WhiteElo "2455"]
[BlackElo "2340"]

1.e4 g6 2.d4 Bg7 3.Nc3 c6 4.f4 d5 5.e5 h5 6.Be3 Nh6 7.Nf3 Bg4 8.Bd3 e6 9.h3 Bxf3
10.Qxf3 h4 11.O-O Nf5 12.Bf2 Nd7 13.Ne2 b5 14.a4 a6 15.c3 Bf8 16.b3 Be7 17.Rfc1 Kf8
18.Kh2 Kg7 19.Ng1 Qb6 20.a5 Qa7 21.Qd1 c5 22.Bxf5 gxf5 23.c4 dxc4 24.bxc4 cxd4
25.cxb5 axb5 26.Nf3 Qb7 27.Nxd4 Nf8 28.Rc6 Rd8 29.a6 Qa8 30.Qf3 Ng6 31.Nxb5 Rd3
32.Qxd3 Qxc6 33.Be3 Rd8 34.Nd4 Qa8 35.Qf1 Bb4 36.Qc4 Qe4 37.Nxe6+ fxe6 38.Qxe4 fxe4
39.a7 Ra8 40.Rb1 Bc3 41.Rb7+  1-0

[Event "Dresden (Women)"]
[Site "Dresden"]
[Date "1993.??.??"]
[Round "?"]
[White "Daechert, Regina"]
[Black "Rubene, Ilze"]
[Result "1/2-1/2"]
[WhiteElo "2240"]
[BlackElo "2220"]

1.e4 c6 2.d4 g6 3.Nc3 Bg7 4.Be3 d5 5.Qd2 Nf6 6.f3 dxe4 7.Nxe4 Nxe4 8.fxe4 e5
9.O-O-O exd4 10.Bxd4 Bxd4 11.Qxd4 Qxd4 12.Rxd4 Nd7 13.Nf3 Nc5 14.Bc4 Be6
15.Ng5 Bxc4 16.Rxc4 Nd7 17.Rf1 f6 18.Nf3 O-O-O 19.Rd4 Rhe8 20.Rfd1 c5 21.Ra4 a6
22.Rd5 Kb8 23.g4 g5 24.h3 Kc7 25.Rf5 Re6 26.e5 Nxe5 27.Re4 Red6 28.b3 Nxf3
29.Rxf3 b5 30.a3 Kc6 31.Kb2 h5 32.gxh5 Rh8 33.h4 Rxh5 34.hxg5 Rxg5 35.Ref4 Rg6
36.Rf5 a5 37.R3f4 b4 38.a4 Rh6 39.Rf2 Re6 40.R2f4 Rg6 41.Rf2 Kb6 42.R2f4 Rc6
43.Rf2 Kc7 44.R2f4 Kd7 45.Rf2 Ke7 46.Re2+ Kf7 47.Ref2 Rg3 48.Kc1 Kg6 49.Rd5 Rg5
50.Rd8 c4 51.bxc4 Rxc4 52.Kd2 Rgc5 53.Kd1 f5 54.Rf8 Rd4+ 55.Ke1 Re5+ 56.Kf1 Rd1+
57.Kg2 Ra1 58.Kh2 Kg7 59.R8xf5 Rxf5 60.Rxf5 Rxa4 61.Kg3 Ra1 62.Kf2 a4 63.Rb5 Rb1
64.Ra5 a3 65.Ke3 Rd1 66.Ke2 Rh1 67.Kd3 Rh4 68.c3 Rh3+ 69.Kc4 bxc3 70.Rxa3 c2
71.Ra1 Kf6  1/2-1/2